Größte Städte in den Nachbarländern Deutschlands - Statistiken

Allgemein
  • Dieses Quiz wurde 60 mal gespielt
  • Das Durchschnittsergebnis liegt bei 30 aus 50
Antwortstatistiken
Einwohner Antwort % Korrekt
NLD 935.000 Amsterdam
100%
FRA 877.000 Marseille
100%
FRA 2.114.000 Paris
100%
CZE 1.301.000 Prag
100%
POL 1.862.000 Warschau
100%
AUT 2.028.000 Wien
100%
DNK 667.000 Kopenhagen
98%
NLD 673.000 Rotterdam
98%
BEL 198.000 Brüssel
96%
FRA 521.000 Lyon
95%
NLD 569.000 Den Haag
84%
POL 806.000 Krakau
84%
FRA 354.000 Nizza
81%
BEL 562.000 Antwerpen
79%
POL 487.000 Danzig
79%
FRA 265.000 Bordeaux
77%
AUT 305.000 Graz
77%
FRA 292.000 Straßburg
74%
POL 674.000 Breslau
72%
AUT 214.000 Linz
70%
FRA 239.000 Lille
68%
NLD 249.000 Eindhoven
67%
POL 652.000 Łódź
67%
CHE 436.000 Zürich
67%
FRA 512.000 Toulouse
65%
BEL 273.000 Gent
60%
POL 538.000 Posen
60%
FRA 325.000 Nantes
56%
POL 389.000 Stettin
54%
NLD 377.000 Utrecht
54%
DNK 301.000 Aarhus
53%
CHE 209.000 Genf
49%
CZE 399.000 Brünn
47%
NLD 244.000 Groningen
47%
FRA 222.000 Rennes
46%
POL 279.000 Katowice
42%
BEL 197.000 Lüttich
39%
FRA 307.000 Montpellier
37%
BEL 206.000 Charleroi
28%
POL 326.000 Bromberg
26%
NLD 189.000 Nijmegen
26%
CZE 282.000 Ostrava
26%
POL 330.000 Lublin
23%
POL 292.000 Białystok
18%
POL 247.000 Gdynia
18%
NLD 230.000 Tilburg
18%
POL 206.000 Tschenstochau
14%
NLD 230.000 Almere
9%
POL 196.000 Radom
7%
POL 195.000 Toruń
5%
Keine übereinstimmenden Quizze gefunden
Verteilung der Resultate
Anzahl Personen mit jedem Resultat
Perzentil nach korrekt beantworteten Fragen
Ihre Resultats-Entwicklung
Sie haben dieses Quiz noch nicht gespielt